| 000 | 01344nam a2200349 c 4500 | ||
|---|---|---|---|
| 001 | 53164 | ||
| 003 | ES-MaCES | ||
| 005 | 20250203133004.0 | ||
| 007 | cr ||||||||||| | ||
| 008 | 240429s2024 sp l o000 | spa d | ||
| 017 |
_aM 11984-2024 _bDL |
||
| 040 |
_aES-MaCES _bspa _cES-MaCES |
||
| 110 | 2 |
_92408 _aConsejo Económico y Social (España) |
|
| 245 | 1 | 0 |
_aDictamen 5-2024 sobre el Proyecto de Real Decreto por el que se crea el Consejo de la Productividad de España _b: Sesión ordinaria del Pleno de 24 de abril de 2024 _cConsejo Económico y Social |
| 250 | _a1ª ed | ||
| 260 |
_aMadrid _bConsejo Económico y Social _c2024 |
||
| 300 |
_a11 p. _e1 documento pdf (156 Kb) |
||
| 490 | 1 |
_aColección Dictámenes _v5-2024 |
|
| 541 | _cGratuito | ||
| 610 | 2 | 7 |
_941028 _aConsejo de la Productividad de España |
| 650 | 4 |
_aproductividad _928259 |
|
| 650 | 4 |
_apolítica de la productividad _928260 |
|
| 650 | 4 |
_aorganismo gubernamental _929508 |
|
| 650 | 4 |
_adesarrollo institucional _929802 |
|
| 650 | 4 |
_aEspaña _926964 |
|
| 650 | 4 |
_adictamen _930802 |
|
| 653 | _aAdministración-Instituciones públicas | ||
| 830 | 0 |
_932521 _aColección Dictámenes (Consejo Económico y Social (España)) _v5-2024 |
|
| 856 | 4 |
_uhttp://www.ces.es/documents/DIC/2024/05 _ytexto completo |
|
| 902 | _aLIB Libro | ||
| 942 |
_2CES _cBK _h6.3. |
||
| 999 |
_c53164 _d53164 |
||